| 000 | 00466nam a2200181Ia 4500 | ||
|---|---|---|---|
| 003 | OSt | ||
| 005 | 20240530123601.0 | ||
| 008 | 210210b2001 xxu||||| |||| 00| 0 eng d | ||
| 040 | _cAL | ||
| 041 | _aKonkani | ||
| 082 | _a891.463 REGK | ||
| 100 |
_aREGO (Gladys) _984544 _dಗ್ಲೇಡಿಸ್ ರೇಗೊ |
||
| 245 | _aKaljantlo mog | ||
| 260 |
_aMangaur _bAkash Prakashan _c2001 |
||
| 690 |
_aKonkani Fiction _984545 |
||
| 906 | _a057068 | ||
| 942 |
_2ddc _cBK |
||
| 999 |
_c104638 _d104638 |
||